| 000 | 00603nam a22001937a 4500 | ||
|---|---|---|---|
| 005 | 20230417120403.0 | ||
| 008 | 230209b ag ||||| |||| 00| 0 spa d | ||
| 020 | _a9502005889 | ||
| 050 | 0 | 4 |
_aKHA3015 _bB33 1991 |
| 100 | _4Badeni, Gregorio | ||
| 245 | 1 | 0 |
_aLibertad de prensa _c / Gregorio Badeni ; prólogo José Claudio Escribano. |
| 250 | _a1a ed. | ||
| 260 |
_aMéxico : _bAbeledo-Perrot, _c1991 |
||
| 300 |
_a301 p. ; _c23 cm. |
||
| 504 | _aBibliografía : p. 273-291 | ||
| 650 | 7 |
_2lemb _aLibertad de prensa _zArgentina |
|
| 700 | 1 |
_aEscribano, José Claudio, _eprologuista |
|
| 942 |
_2lcc _cLIB |
||
| 999 |
_c59607 _d59607 |
||